Liga Narodów w siatkówce kobiet 2024 - Statystyki

Ogólne statystyki
  • Ten quiz został rozwiązany 163 razy
    102 od ostatniego zresetowania
  • Średni wynik to 14 z 16
Statystyki odpowiedzi
Reprezentacja % Poprawnych
Polska
99%
Francja
94%
USA
94%
Japonia
93%
Turcja
92%
Niemcy
91%
Włochy
91%
Brazylia
90%
Chiny
89%
Holandia
89%
Serbia
85%
Kanada
83%
Bułgaria
69%
Korea Południowa
69%
Dominikana
66%
Tajlandia
60%
Nie znaleziono quizów pasujących do podanych kryteriów
Rozkład punktacji
Procent ludzi z każdym wynikiem
Percentyl według liczby udzielonych odpowiedzi
Twoja historia wyników
Nie rozwiązałeś tego quizu od ostatniego zresetowania